Hidden Markov model (Record no. 520398)

MARC details
000 -LEADER
fixed length control field 00887nam a2200277Ia 4500
003 - CONTROL NUMBER IDENTIFIER
control field OSt
005 - DATE AND TIME OF LATEST TRANSACTION
control field 20220925191936.0
008 - FIXED-LENGTH DATA ELEMENTS--GENERAL INFORMATION
fixed length control field 220923b |||||||| |||| 00| 0 eng d
020 ## - INTERNATIONAL STANDARD BOOK NUMBER
International Standard Book Number I402078994
037 ## - SOURCE OF ACQUISITION
Terms of availability General Book
040 ## - CATALOGING SOURCE
Original cataloging agency RTL
Transcribing agency RTL
Language of cataloging eng
041 ## - LANGUAGE CODE
Source of code eng
Language code of text/sound track or separate title eng
100 ## - MAIN ENTRY--PERSONAL NAME
Personal name Bhar Ramaprasad
9 (RLIN) 243366
245 #0 - TITLE STATEMENT
Title Hidden Markov model
Remainder of title Applications to financial economics
260 ## - PUBLICATION, DISTRIBUTION, ETC.
Place of publication, distribution, etc. Boster
Name of publisher, distributor, etc. Kluwer Academic Pulishers
Date of publication, distribution, etc. 2004
300 ## - PHYSICAL DESCRIPTION
Extent xvii, 155p
Dimensions cm.
490 ## - SERIES STATEMENT
Series statement Advanced Studies in Theoretical and Applied Econometrics 40
500 ## - GENERAL NOTE
General note Bibliography P 145-152
650 ## - SUBJECT ADDED ENTRY--TOPICAL TERM
Topical term or geographic name entry element Markov Stochastic Model Mathmatics
9 (RLIN) 243367
700 ## - ADDED ENTRY--PERSONAL NAME
Personal name Hamori Shigeyuki
9 (RLIN) 243368
942 ## - ADDED ENTRY ELEMENTS (KOHA)
Classification part B2816M, P4
Koha item type General Books
Source of classification or shelving scheme Colon Classification (CC)

No items available.

Copyright @ Delhi University Library System